000 00249nam a2200109Ia 4500
008 190911s9999||||xx |||||||||||||| ||und||
100 _a Robert H. Bishop
245 0 _aModern Control Systems
260 _aUSA
_bCRC
_c1995
300 _a807
942 _cBK
999 _c7026
_d7026